| 000 | 00629nam a2200181Ia 4500 | ||
|---|---|---|---|
| 008 | 090123s9999 xx 000 0 und d | ||
| 082 |
_b20201 _a891.463/निसळ |
||
| 100 | _aनिसळ शांता | ||
| 245 | _aस्वर एका स्वाराचा | ||
| 250 | _a1 | ||
| 260 |
_bअनिरुध्द साहित्य प्रकाशन _c1990 |
||
| 300 | _a184 | ||
| 600 | _aनिसळ शांता | ||
| 630 | _aस्वर एका स्वाराचा | ||
| 700 | _aनिसळ शांता | ||
| 730 | _aस्वर एका स्वाराचा | ||
| 942 | _cBOOK | ||
| 999 |
_c58273 _d58273 |
||